000 00423nam a2200181Ia 4500
001 3956
005 20260306145721.0
008 260306t1973||||xx |||||||||||||| ||spa||
041 _aESP
082 _a305.873
_bB84
100 _aBrown, Dee
_eAUT
245 0 _aEnterrad mi corazón en Wounded Knee
260 _c1973
300 _a507 páginas :
_c21 cm.
650 _aGEN
654 _aCHU
942 _cLIB
_dJUS
_fJUS
_2ddc
_n
999 _c3956
_d3956